书目信息 |
| 题名: |
给水排水工程结构设计手册
|
|
| 作者: | ;上海市政工程设计院 编 | |
| 分册: | ||
| 出版信息: | 北京 中国建筑工业出版社 1984.07 |
|
| 页数: | 1524页 | |
| 开本: | 26cm | |
| 丛书名: | ||
| 单 册: | ||
| 中图分类: | TU991.02-62 | |
| 科图分类: | ||
| 主题词: | 给水工程:市政工程 , 城市供水系统 | |
| 电子资源: | ||
| ISBN: | ||
| 000 | 00713nam0 2200217 45 | |
| 001 | 0209230999 | |
| 005 | 20031219104115.2 | |
| 010 | @b精装@dCNY10.60 | |
| 091 | @a15040.4580 | |
| 100 | @a20020923d1984 km y0chiy0120 ea | |
| 101 | 0 | @achi |
| 105 | @a z 000yy | |
| 200 | 1 | @a给水排水工程结构设计手册@AGei Shui Pai Shui Gong Cheng Jie Gou She Ji Shou Ce@f上海市政工程设计院等编@FShang Hai Shi Zheng Gong Cheng She Ji Yuan Deng Bian |
| 210 | @a北京@c中国建筑工业出版社@d1984.07 | |
| 215 | @a1524页@d26cm | |
| 606 | 0 | @a给水工程:市政工程 |
| 606 | 0 | @a城市供水系统 |
| 690 | @aTU991.02-62@v3 | |
| 711 | 02 | @a上海市政工程设计院@4编 |
| 801 | @aCN@bTSTC@c20020924 | |
| 905 | @f1@b122098@f1@b122099@dTU991.02-62@e75 | |
| 给水排水工程结构设计手册/上海市政工程设计院等编.-北京:中国建筑工业出版社,1984.07 |
| 1524页;26cm |
| ISBN (精装):CNY10.60 |
| ● |
| 相关链接 |
|
|
|
|
正题名:给水排水工程结构设计手册
索取号:TU991.02-62/75
 
预约/预借
| 序号 | 登录号 | 条形码 | 馆藏地/架位号 | 状态 | 备注 |
| 1 | 0122098 | 001833083 | 密集书库/ [索取号:TU991.02-62/75] | 在馆 | |
| 2 | 0122099 | 001838284 | 第二样本阅览室/ [索取号:TU991.02-62/75] | 在馆 |